| 000 | 01154cad a22002415a 4500 | ||
|---|---|---|---|
| 001 | L155200 | ||
| 008 | 120309s2012 xxk 000 0 eng d | ||
| 035 | _a(Sirsi) u155200 | ||
| 041 | 0 | _aeng | |
| 110 | 2 |
_aJones Lang LaSalle _93755 |
|
| 245 | 0 | 0 | _aEMEA corporate occupier conditions March 2012 |
| 260 |
_a[S.l.] _bJones Lang LaSalle _c2012 |
||
| 490 |
_aJones Lang LaSalle EMEA Corporate Occupier Conditions _vMarch 2012 |
||
| 520 | _aCaution prevailed in the corporate occupier sector in the second half of 2011 with occupier activity reduced in many markets. Summarises EMEA corporate occupier market conditions, outlines regional activity for Western Europe, Central and Eastern Europe, and Middle East and Africa. Provides data tables for corporate occupiers markets across EMEA. | ||
| 590 | _aNTK KA | ||
| 650 | 2 | 4 | _aJONES LANG LASALLE EMEA CORPORATE OCCUPIER CONDITIONS |
| 651 | 4 | _aEurope | |
| 651 | 4 | _aMiddle East | |
| 651 | 4 | _aAfrica | |
| 690 |
_aCommercial property _96227 |
||
| 856 | 4 | 0 |
_uhttps://www.joneslanglasalle.co.uk/UnitedKingdom/EN-GB/Pages/ResearchFilter.aspx _zView the report at www.joneslanglasalle.co.uk |
| 942 | _n0 | ||
| 999 |
_c113390 _d113390 |
||